| 000 | 01035nac a22002891i 4500 | ||
|---|---|---|---|
| 003 | EG-ScBUE | ||
| 005 | 20240807123612.0 | ||
| 008 | 240807s2000 ua a f b 001 0 eng d | ||
| 020 | _a9774245911 | ||
| 035 | _a(DLC) 2002360938 | ||
| 040 |
_aEG-ScBUE _beng _erda _cEG-ScBUE _dEG-ScBUE |
||
| 082 | 0 | 4 |
_a930 _bDWE _222 |
| 245 | 0 | 4 |
_aThe Dwellings of eternity : _bthe great tombs of the world's ancient civilizations / _cedited by Alberto Siliotti. |
| 264 | 1 |
_aCairo : _bThe American University in Cairo Press, _c2000. |
|
| 300 |
_a302 pages : _bcolor illustrations ; _c37 cm |
||
| 336 |
_2rdacontent _atext _btxt |
||
| 337 |
_aunmediated _2rdamedia _bn |
||
| 338 |
_avolume _bnc _2rdacarrier |
||
| 504 | _aIncludes bibliographical references and index. | ||
| 650 | 0 |
_aTombs _vPictorial works. _2BUEsh |
|
| 650 | 7 |
_aTemples _vPictorial works. _2BUEsh |
|
| 650 | 7 |
_aCivilization, Ancient. _2BUEsh |
|
| 650 | 7 |
_aExtinct cities _vPictorial works. _2BUEsh |
|
| 655 | _vReading book | ||
| 700 | 1 |
_aSiliotti, Alberto, _eeditor. |
|
| 942 |
_cNB _2ddc |
||
| 999 |
_c2746 _d2746 |
||